Pactos multilaterales interamericanos

Saved in:
Bibliographic Details
Main Author: Mendoza, José Luis
Format: Text
Published: Guatemala: s.e.
Tags: Add Tag
No Tags, Be the first to tag this record!

MARC

LEADER 00000 a a2200000 04500
001 24555
003
040
090 |a 176400  
100 |a Mendoza, José Luis  
245 |a Pactos multilaterales interamericanos  
260 |a Guatemala:   |b s.e.  
999 |c 13051  |d 13051